LEADER 01284nam a2200229 i 4500 001 991001649289707536 008 030529s1984 it 000 0 ita 035 $ab12177441-39ule_inst 040 $aFac. Economia$bita 082 0 $a025.3488 110 2 $aInternational Federation of Library Associations and Institutions$0284886 245 10$aISBD (A) :$bInternational Standard Bibliographic Description for Older Monographic Publications (Antiquarian) /$craccomandata dal Working Group on the International Standard Bibliographic Description for older Monographic Publications (Antiquarian) ; approvata dagli Standing Committees dell'IFLA Section on Cataloguing e dell'IFLA Section on Rare and Precious Books and Documents 250 $aEdizione italiana / a cura dell'Istituto Centrale per il Catalogo Unico delle Biblioteche Italiane e per le Informazioni Bibliografiche 260 $aRoma :$bICCU,$c1984 300 $a53 p. ;$b30 cm 650 4$aCatalogazione$xStandardizzazione 907 $a.b12177441$b30-03-22$c29-05-03 912 $a991001649289707536 945 $aLE025 ECO 025 INT01.03$g1$i2025000087767$lle025$op$pE0.00$q-$rn$so $t0$u0$v0$w0$x0$y.i12526976$z29-05-03 996 $aISBD (A$9962638 997 $aUNISALENTO 998 $ale025$b - - $cm$da $e-$fita$git $h0$i0